Communities and Museums in the 21st Century : Shared Histories and Climate Action.

Communities and Museums in the 21st Century brings together innovative, multidisciplinary perspectives on contemporary museology and participatory museum practice that contribute to wider debates on museum communities, heritage, and sustainability.

Bibliographic Details
Main Author: Brown, Karen.
Other Authors: Cummins, Alissandra., González Rueda, Ana S.
Format: eBook
Language:English
Published: Milton : Taylor & Francis Group, 2023.
Edition:1st ed.
Series:ICOM Advances in Museum Research Series
Subjects:
Online Access:Click to View
LEADER 01885nam a22004093i 4500
001 EBC7280182
003 MiAaPQ
005 20231204023229.0
006 m o d |
007 cr cnu||||||||
008 231204s2023 xx o ||||0 eng d
020 |a 9781000954135  |q (electronic bk.) 
020 |z 9781032291277 
035 |a (MiAaPQ)EBC7280182 
035 |a (Au-PeEL)EBL7280182 
040 |a MiAaPQ  |b eng  |e rda  |e pn  |c MiAaPQ  |d MiAaPQ 
082 0 |a 069 
100 1 |a Brown, Karen. 
245 1 0 |a Communities and Museums in the 21st Century :  |b Shared Histories and Climate Action. 
250 |a 1st ed. 
264 1 |a Milton :  |b Taylor & Francis Group,  |c 2023. 
264 4 |c ©2024. 
300 |a 1 online resource (381 pages) 
336 |a text  |b txt  |2 rdacontent 
337 |a computer  |b c  |2 rdamedia 
338 |a online resource  |b cr  |2 rdacarrier 
490 1 |a ICOM Advances in Museum Research Series 
520 |a Communities and Museums in the 21st Century brings together innovative, multidisciplinary perspectives on contemporary museology and participatory museum practice that contribute to wider debates on museum communities, heritage, and sustainability. 
588 |a Description based on publisher supplied metadata and other sources. 
590 |a Electronic reproduction. Ann Arbor, Michigan : ProQuest Ebook Central, 2023. Available via World Wide Web. Access may be limited to ProQuest Ebook Central affiliated libraries.  
655 4 |a Electronic books. 
700 1 |a Cummins, Alissandra. 
700 1 |a González Rueda, Ana S. 
776 0 8 |i Print version:  |a Brown, Karen  |t Communities and Museums in the 21st Century  |d Milton : Taylor & Francis Group,c2023  |z 9781032291277 
797 2 |a ProQuest (Firm) 
830 0 |a ICOM Advances in Museum Research Series 
856 4 0 |u https://ebookcentral.proquest.com/lib/matrademy/detail.action?docID=7280182  |z Click to View